| 000 | 00657nam a22001937a 4500 | ||
|---|---|---|---|
| 005 | 20230207040101.0 | ||
| 008 | 230207b |||||||| |||| 00| 0 eng d | ||
| 020 | _a978-0-07-183644-9 | ||
| 082 | _a005.8 M613 2015 | ||
| 100 |
_aMeyers, Mike _eauthor |
||
| 245 |
_aMike Meyers' comptia security + certification guide: _bexam 540-401 / _cMike Meyers, Bobby E. Rogers, Dawn Dunkerley |
||
| 260 |
_aNew York: _bMcGraw-Hill Education, _cc2015 |
||
| 300 |
_axxix, 624p.: _bill. |
||
| 504 | _aIncludes index | ||
| 541 | _e5806 | ||
| 650 | _aComputer security - Examinations - Study guide | ||
| 700 |
_aRogers, Bobby E. _eauthor |
||
| 700 |
_aDunkerley, Dawn _eauthor |
||
| 999 |
_c921 _d921 |
||